000 00888nam a22002777a 4500
003 CHAP
005 20220329140606.0
008 971013s1983 r 10010 d
010 _a54404
011 _a55376
035 _a59528
040 _cCHAP
090 _aFolleto 9410 (1983)
111 0 0 _aSeminario Nacional de Hortalizas (
_n2
_d: 1983
_c: Cagua, Venezuela)
_9104208
245 _aMemorias
260 _aCagua, Venezuela :
_bFundación Servicio para el Agricultor,
_c1983
300 _av.
500 _aLa biblioteca tiene: V.11 Ponencia región: Centro occidental y anexos
590 _aBATCH-UPD
_b10
_c20130110
_lUCH01
_h0558
590 _aCONVERSION
_b10
_c20130109
_lUCH01
_h1329
650 1 4 _aLegumbres
_xCongresos.
_965695
650 1 4 _aLegumbres
_xVenezuela.
_965796
901 _aBK
942 _cFOLL
949 _aFolleto 9410 (1983)
_bBC
_cFOLL
_d-128677
_eTS1
_i59528
_si
999 _c54404
_d54404